March's Advanced Organic Chemistry: reactions, mechanics, and structure (Record no. 5780)

MARC details
000 -LEADER
fixed length control field 00613nam a22002177a 4500
003 - CONTROL NUMBER IDENTIFIER
control field OSt
005 - DATE AND TIME OF LATEST TRANSACTION
control field 20170329140906.0
008 - FIXED-LENGTH DATA ELEMENTS--GENERAL INFORMATION
fixed length control field 170329b xxu||||| |||| 00| 0 eng d
020 ## - INTERNATIONAL STANDARD BOOK NUMBER
International Standard Book Number 0471585890
040 ## - CATALOGING SOURCE
Transcribing agency DMLN
082 ## - DEWEY DECIMAL CLASSIFICATION NUMBER
Classification number 547 SMI 2001
100 ## - MAIN ENTRY--PERSONAL NAME
Personal name Smith, Michael B.; March, Jerry
9 (RLIN) 12008
245 ## - TITLE STATEMENT
Title March's Advanced Organic Chemistry: reactions, mechanics, and structure
250 ## - EDITION STATEMENT
Edition statement 5th ed.
260 ## - PUBLICATION, DISTRIBUTION, ETC. (IMPRINT)
Place of publication, distribution, etc. Canada; John Wiley, 2001
300 ## - PHYSICAL DESCRIPTION
Extent xviii,2083p ill: 30cm
504 ## - BIBLIOGRAPHY, ETC. NOTE
Bibliography, etc Indices included
650 ## - SUBJECT ADDED ENTRY--TOPICAL TERM
Topical term or geographic name as entry element Organic chemistry
9 (RLIN) 814
650 ## - SUBJECT ADDED ENTRY--TOPICAL TERM
Topical term or geographic name as entry element Medicinal chemistry
9 (RLIN) 3953
942 ## - ADDED ENTRY ELEMENTS (KOHA)
Source of classification or shelving scheme Other/Generic Classification Scheme
Koha item type Short Loan
Holdings
Withdrawn status Lost status Source of classification or shelving scheme Damaged status Not for loan Home library Current library Date acquired Source of acquisition Inventory number Total Checkouts Full call number Barcode Date last seen Koha item type
    Dewey Decimal Classification     Pharmacy Department Library Pharmacy Department Library 29/03/2017   11/00120   547 SMI 2001 2017-0696 29/03/2017 Short Loan
    Dewey Decimal Classification     Pharmacy Department Library Pharmacy Department Library 29/03/2017   11/00121   547 SMI 2001 2017-0697 29/03/2017 Short Loan